书目信息 |
| 题名: |
国际投资学
|
|
| 作者: | 孔淑红 编著 | |
| 分册: | ||
| 出版信息: | 北京 对外经济贸易大学出版社 2010 |
|
| 页数: | 386页 | |
| 开本: | 23cm | |
| 丛书名: | ||
| 单 册: | ||
| 中图分类: | F831.6 | |
| 科图分类: | ||
| 主题词: | 国际投资--高等学校--教材 , 国际投资 | |
| 电子资源: | ||
| ISBN: | 978-7-81134-682-4 | |
| 000 | 00887nam0 22002771 450 | |
| 001 | 524 | |
| 005 | 20140909103013.29 | |
| 010 | @a978-7-81134-682-4@dCNY38.00 | |
| 100 | @a20100728d2010 em y0chiy50 ea | |
| 101 | 0 | @achi |
| 102 | @aCN@b110000 | |
| 105 | @ay z 000yy | |
| 106 | @ar | |
| 200 | 1 | @a国际投资学@AGuo Ji Tou Zi Xue@dInternational investment@f孔淑红编著@FKong Shu Hong Bian Zhu@zeng |
| 205 | @a3版 | |
| 210 | @a北京@c对外经济贸易大学出版社@d2010 | |
| 215 | @a386页@d23cm | |
| 300 | @a高等院校国际经贸专业规划教材 | |
| 330 | @a本书分为三篇,内容包括:国际直接投资理论、国际投资环境、国际投资运作。 | |
| 510 | 1 | @aInternational investment@zeng |
| 606 | 0 | @a国际投资@x高等学校@j教材 |
| 606 | 0 | @a国际投资 |
| 690 | @aF831.6@v5 | |
| 701 | 0 | @a孔淑红@AKong Shu Hong@g(女,@f1962~)@4编著 |
| 801 | 0 | @aCN@bTANGWEI@c20140603 |
| 905 | @b0837489-91@dF831.6@e56=3@f3 | |
| 国际投资学=International investment/孔淑红编著.-3版.-北京:对外经济贸易大学出版社,2010 |
| 386页;23cm |
| 高等院校国际经贸专业规划教材 |
| ISBN 978-7-81134-682-4:CNY38.00 |
| 本书分为三篇,内容包括:国际直接投资理论、国际投资环境、国际投资运作。 |
| ● |
| 相关链接 |
|
|
|
|
正题名:国际投资学
索取号:F831.6/56=3
 
预约/预借
| 序号 | 登录号 | 条形码 | 馆藏地/架位号 | 状态 | 备注 |
| 1 | 0837489 | 208374891 | 第一样本阅览室/ [索取号:F831.6/56=3] | 在馆 | |
| 2 | 0837490 | 208374908 | 密集书库-海洋学院/ [索取号:F831.6/56=3] | 在馆 | |
| 3 | 0837491 | 208374917 | 第一借阅区/ [索取号:F831.6/56=3] | 在馆 |